00926nam a22002417a 4500010001300000035001300013037001600026040001200042082001100054100002500065245008600090260003800176270003800214300001900252490004800271650006400319650004400383650004300427700002900470942002000499999001900519952014600538 aA-818986 aA-818986 aCen Lib/Ret aDPLbEN aSbDEF aDefoe, Daniel930221 aThe adventures of robinson crusoe /cby Daniel Defoe ; edited by Malvina G. Vogel aNew York ;bBaronet Books, c1992 aWaldman Publishing CorpbNew York a230pb24cm(Hb) aGreat illustrated classics (New York, N.Y.) aCrusoe, Robinson (Fictitious character) -- Fiction.9114018 aShipwrecks -- Juvenile fiction.9114019 aCastaways -- Juvenile fiction.9114020 aVogel, Malvina G.930097 2ddccENhSmDEF c136199d136199 04104070aLbLd2015-12-28eCen Lib/Retl0oS DEFpA-818986r2015-12-28 00:00:00t1w2015-12-28yENzW/d List No. 6864/23 ; dtd 08/08/2020